| 000 | 00636nam a2200241 a 4500 | ||
|---|---|---|---|
| 005 | 20191224041654.0 | ||
| 008 | 140307b1973 ec ||||| |||| 00| 0 eng d | ||
| 041 | _aeng | ||
| 044 | _aec | ||
| 090 |
_aLB _b02743 |
||
| 100 |
_aHarling, Gunnar _917471 |
||
| 245 | _aCyclanthaceae | ||
| 260 |
_aQuito _bDepartament of Systematic Botany _c1973 |
||
| 300 | _a173 p. | ||
| 650 |
_aFlora _992293 |
||
| 650 |
_aPlantas _992294 |
||
| 650 |
_aTaxonomía vegetal _992262 |
||
| 650 |
_aClaves taxonómicas _93514 |
||
| 650 |
_aIdentificación de especies _94726 |
||
| 662 | _aEcuador | ||
| 700 |
_aSparre, Benkt _918009 |
||
| 942 |
_cImpreso _2z |
||
| 999 |
_c2972 _d2972 |
||